UK Best Selling Cars 2010's - Statistics

General Stats
  • This quiz has been taken 155 times
  • The average score is 7 of 10
Answer Stats
Position Manufacturer Answer % Correct
1 Ford Fiesta
93%
4 VW Golf
93%
2 Ford Focus
90%
6 VW Polo
81%
7 Vauxhall Astra
78%
3 Vauxhall Corsa
77%
9 BMW 3 Series
63%
10 Mercedes-Benz A Class
57%
5 Nissan Qashqai
52%
8 BMW Mini
11%
No matching quizzes found
Score Distribution
Percent of People with Each Score
Percentile by Number Answered
Your Score History
You have not taken this quiz